00301nam a2200097Ia 4500008004100000245005300041245001400094260000900108650003800117856004800155171204s9999 xx 000 0 und d 4aThe Family Kitchen: A cookbook for all occasions cRob Kirby c2014 xCulinary Arts & Sciences with Lab uhttp://down.ebook777.com/043/1906650977.pdf